[Event "Pelotas Gaucho op"]
[Site "Pelotas"]
[Date "2023.10.14"]
[Round "5"]
[White "Cenci, Luciano Krause"]
[Black "Roschild, Jonatas Matthies"]
[Result "1-0"]
[WhiteElo "1561"]
[BlackElo "1818"]
[PlyCount "123"]
[EventDate "2023.10.12"]
[EventType "swiss"]
[EventRounds "7"]
[EventCountry "BRA"]
[SourceTitle "CBM 216 Extra"]
[Source "ChessBase"]
[SourceDate "2023.11.30"]
[SourceVersion "1"]
[SourceVersionDate "2023.11.30"]
[SourceQuality "1"]

1. c4 c5 2. Nf3 Nc6 3. g3 g6 4. Bg2 Bg7 5. Nc3 Nf6 6. 0-0 0-0 7. d4 cxd4 8. Nxd4 Nxd4 9. Qxd4 a6 10. Rd1 Qc7 11. Nd5 Nxd5 12. Qxd5 d6 13. Rb1 Bf5 14. Be4 Bc8 15. b3 Rb8 16. Be3 Be6 17. Qd3 Qa5 18. Qd2 Qc7 19. Qb4 b6 20. Qa3 Bc8 21. Qc1 Bg4 22. Qd2 Bh3 23. Bg2 Bf5 24. Rbc1 Rfd8 25. Bd4 Bxd4 26. Qxd4 Qc5 27. e4 Be6 28. Rd2 Qxd4 29. Rxd4 f6 30. f4 h5 31. Rcd1 Rdc8 32. Kf2 Rc5 33. Bf1 Ra5 34. R1d2 Kg7 35. h3 Rc8 36. h4 Kh6 37. Be2 Ra3 38. Ke1 a5 39. Kd1 a4 40. Rb2 axb3 41. axb3 Ra1+ 42. Kc2 b5 43. Kc3 bxc4 44. Bxc4 Bxc4 45. Rxc4 Rc1+ 46. Rc2 Rxc2+ 47. Kxc2 Rxc4+ 48. bxc4 Kg7 49. Kc3 Kf7 50. Kd4 e5+ 51. fxe5 dxe5+ 52. Kd5 Ke7 53. c5 Kd7 54. c6+ Kc7 55. Ke6 Kxc6 56. Kxf6 Kd6 57. Kxg6 Kc5 58. Kf6 Kd4 59. Kf5 Ke3 60. Kxe5 Kf3 61. Kf5 Kxg3 62. Kg5 1-0